000 00531nam a2200193Ia 4500
003 OSt
005 20220918105433.0
006 a|||||r|||| 00| 0
007 ta
008 220915b |||||||| |||| 00| 0 eng d
024 _a94,129
037 _cReference Collections
040 _aARTS
_cARTS
_beng
041 _2eng
_aeng
082 _aU11aN1:N37, J9;K9(RR)
245 0 _aBibliographie cartographique internationale
942 _hU11aN1:N37, J9;K9(RR)
_cREF
999 _c107216
_d107216